000 00579nam a2200193Ia 4500
003 GCL
008 140319s9999 xx 000 0 ara d
040 _aGCL /
_cGCL
082 0 4 _a811.9
_bع م
100 1 _aكاظم جهاد
245 1 0 _aالمناضل الطبقى على الطريقة التاوية /
_cكاظم جهاد
700 1 _aعبدالكبير الخطيبى
260 _a[S.N] :
_bدار توبقال للنشر ،
_c1980
300 _a111 ص
490 _a
650 0 4 _aالشعر العربى
650 0 4 _aالادب العربى
942 _2ddc
_cBK
999 _c36428
_d36428